000 00456nam a2200193Ia 4500
005 20250603144643.0
008 250603s9999 xx 000 0 und d
020 _a9789785405675
050 _aKP 144 .A3/
100 _aAdisa-Isikalu, F.
245 0 _aCivil procedure: Precedents and forms
250 _a1st ed.
260 _aLagos
260 _bPrinceton& Associates pub.
260 _c2016
300 _a934 p
650 _aLagos
942 _cBK
999 _c39554
_d39554